[Event "Kort Paaske 2 Gruppe 2 2013"]
[Site "Elsinore"]
[Date "2013.03.28"]
[Round "1"]
[White "Krojgaard, Soren"]
[Black "Sorensen, Svend Aage"]
[Result "0-1"]
[WhiteElo "1542"]
[BlackElo "1388"]
[PlyCount "66"]
[EventDate "2013.??.??"]
[EventType "swiss"]
[EventRounds "5"]
[EventCountry "DEN"]

1. e4 c5 2. f4 d6 3. Nf3 Bg4 4. h3 Bxf3 5. Qxf3 e6 6. Bb5+ Nc6 7. c4 Qb6 8. Nc3
O-O-O 9. Bxc6 Qxc6 10. a4 Nf6 11. d3 a6 12. a5 Re8 13. O-O g6 14. Be3 Nd7 15.
d4 Bg7 16. d5 Qc7 17. Bd2 f5 18. dxe6 Rxe6 19. Nd5 Qd8 20. exf5 gxf5 21. Bc3
Rg8 22. Bxg7 Rxg7 23. b4 Re4 24. bxc5 Nxc5 25. Rfb1 Kb8 26. Nb6 Qf6 27. Ra2
Qd4+ 28. Kh1 Rxf4 29. Qh5 Qe4 30. Qd1 Nd3 31. Kh2 Qe5 32. g3 Rf2+ 33. Rxf2
Qxg3+ 0-1

[Event "Kort Paaske 2 Gruppe 2 2013"]
[Site "Elsinore"]
[Date "2013.03.28"]
[Round "1"]
[White "Thorsen, Jesper"]
[Black "Hansen, Jeppe"]
[Result "1-0"]
[WhiteElo "1658"]
[BlackElo "1617"]
[PlyCount "93"]
[EventDate "2013.??.??"]
[EventType "swiss"]
[EventRounds "5"]
[EventCountry "DEN"]

1. d4 e6 2. c4 Bb4+ 3. Nc3 d5 4. e3 c6 5. Bd2 Nf6 6. Nf3 O-O 7. Qc2 h6 8. Bd3
dxc4 9. Bxc4 Nbd7 10. O-O Nb6 11. Bd3 Qc7 12. e4 Bxc3 13. Bxc3 Bd7 14. Rac1 Nh5
15. Bd2 Nf4 16. Bxf4 Qxf4 17. Ne5 Rad8 18. g3 Qf6 19. Rfd1 Bc8 20. Bf1 Nd7 21.
Nxd7 Rxd7 22. e5 Qd8 23. Qc3 f6 24. Bc4 Re7 25. Rd2 Kh8 26. Rcd1 b5 27. Bb3 Qb6
28. exf6 Rxf6 29. Qc5 Qc7 30. Rc1 e5 31. Re1 e4 32. Rde2 Bf5 33. f3 Bh3 34. f4
Bf5 35. d5 Qb6 36. Qxb6 axb6 37. dxc6 Rxc6 38. Bd5 Rd6 39. Bxe4 Rde6 40. Bf3
Rxe2 41. Rxe2 Rxe2 42. Bxe2 Be6 43. a3 Bc4 44. Bxc4 bxc4 45. Kf2 Kg8 46. Ke3
Kf7 47. Kd4 1-0

[Event "Kort Paaske 2 Gruppe 2 2013"]
[Site "Elsinore"]
[Date "2013.03.28"]
[Round "1"]
[White "Andersen, Aage"]
[Black "Svensson, Stig"]
[Result "1-0"]
[WhiteElo "1620"]
[BlackElo "1591"]
[PlyCount "60"]
[EventDate "2013.??.??"]
[EventType "swiss"]
[EventRounds "5"]
[EventCountry "DEN"]

1. d4 Nf6 2. c4 g6 3. Nc3 Bg7 4. e4 d6 5. Bd3 O-O 6. f4 e5 7. fxe5 dxe5 8. d5
Na6 9. Nf3 Bg4 10. O-O c5 11. Bg5 Re8 12. Qd2 Qa5 13. h3 Bxf3 14. Rxf3 Nd7 15.
a3 Qb6 16. Qf2 f6 17. Be3 Qd6 18. Nb5 Qe7 19. Rb1 b6 20. g4 Rf8 21. Qc2 Rfc8
22. d6 Qd8 23. Qa4 Ndb8 24. Rd1 Rc6 25. Be2 Qd7 26. Bf2 h5 27. gxh5 g5 28. Rg3
Qf7 29. Bg4 Kh8 30. d7 Nxd7 1-0

[Event "Kort Paaske 2 Gruppe 2 2013"]
[Site "Elsinore"]
[Date "2013.03.28"]
[Round "1"]
[White "Jensen, Simon Stibolt"]
[Black "Renneberg, Morten"]
[Result "1/2-1/2"]
[WhiteElo "1673"]
[BlackElo "1797"]
[PlyCount "113"]
[EventDate "2013.??.??"]
[EventType "swiss"]
[EventRounds "5"]
[EventCountry "DEN"]

1. e4 e5 2. Nf3 Nc6 3. Nc3 Nf6 4. d3 Be7 5. Bg5 d6 6. Be2 Be6 7. Qd2 Ng4 8. h3
Bxg5 9. Nxg5 Nf6 10. Nxe6 fxe6 11. Qg5 Qe7 12. O-O-O O-O-O 13. Bg4 Nxg4 14.
Qxg4 Kb8 15. Rhe1 Rdf8 16. f3 h5 17. Qg3 h4 18. Qf2 Qf6 19. Qe3 Rd8 20. Rd2 d5
21. Nd1 d4 22. Qe2 Qe7 23. a3 Qc5 24. Kb1 a5 25. Qf2 g5 26. c4 a4 27. Nc3 Qa7
28. Na2 Na5 29. Rdd1 Rd6 30. Qd2 Rg8 31. Qc2 Nb3 32. Nc1 Nc5 33. Na2 Rb6 34.
Nc1 Kc8 35. Rf1 Kd7 36. Rg1 Nb3 37. Na2 c5 38. g3 Qb8 39. gxh4 gxh4 40. Rg4
Rxg4 41. fxg4 Qf8 42. Qg2 Qf4 43. g5 Ra6 44. g6 Ra8 45. Nc1 Nxc1 46. Rxc1 Rg8
47. Rg1 Qh6 48. Qg5 Qxg5 49. Rxg5 Kd6 50. g7 b6 51. Kc2 Ke7 52. b3 Kf6 53. Rg4
Rxg7 54. Rxg7 Kxg7 55. bxa4 Kg6 56. Kd2 Kh5 57. Ke1 1/2-1/2

[Event "Kort Paaske 2 Gruppe 2 2013"]
[Site "Elsinore"]
[Date "2013.03.28"]
[Round "1"]
[White "Jensen, Jakob"]
[Black "Graabaek, Sebastian"]
[Result "1-0"]
[WhiteElo "1643"]
[BlackElo "1540"]
[PlyCount "93"]
[EventDate "2013.??.??"]
[EventType "swiss"]
[EventRounds "5"]
[EventCountry "DEN"]

1. e4 c5 2. Nf3 d6 3. d4 cxd4 4. Nxd4 Nf6 5. Nc3 g6 6. Bb5+ Bd7 7. Qe2 Nc6 8.
Nxc6 bxc6 9. Bd3 Qc7 10. O-O Bg7 11. Re1 e5 12. h3 O-O 13. Bg5 h6 14. Bh4 Rab8
15. Rab1 Rfe8 16. Qd2 Kh7 17. Red1 Rbd8 18. a3 Be6 19. Bg3 d5 20. Qe1 d4 21.
Ne2 c5 22. c4 Nd7 23. f4 Nb6 24. Rdc1 Rb8 25. f5 Bd7 26. b4 Bf6 27. Rc2 Bg5 28.
Nc1 Na4 29. b5 Nc3 30. Ra1 Qc8 31. fxg6+ fxg6 32. Ne2 Rf8 33. Nxc3 dxc3 34.
Bxe5 Bd2 35. Qg3 Rb6 36. Bxc3 Bf4 37. Qe1 Qd8 38. Ba5 Qg5 39. Bd2 Bxh3 40. Bxf4
Rxf4 41. Raa2 Rd6 42. Bf1 Rdf6 43. Rf2 Qg3 44. Rae2 Bxg2 45. Bxg2 Rh4 46. Rxf6
Qh2+ 47. Kf1 1-0

[Event "Kort Paaske 2 Gruppe 2 2013"]
[Site "Elsinore"]
[Date "2013.03.28"]
[Round "1"]
[White "Gade, Jens"]
[Black "Nielsen, Palle"]
[Result "0-1"]
[WhiteElo "1578"]
[BlackElo "1760"]
[PlyCount "104"]
[EventDate "2013.??.??"]
[EventType "swiss"]
[EventRounds "5"]
[EventCountry "DEN"]

1. f4 b6 2. Nf3 Bb7 3. e3 Nc6 4. Nc3 Nf6 5. Be2 d5 6. d4 e6 7. O-O h6 8. a3 Ne7
9. b4 a5 10. Bd2 axb4 11. axb4 Ne4 12. Nxe4 dxe4 13. Ne5 c6 14. c4 g6 15. Qc2
Rb8 16. Qxe4 c5 17. Qd3 cxd4 18. exd4 Nf5 19. Bc3 Bg7 20. c5 O-O 21. c6 Bxe5
22. cxb7 Bxd4+ 23. Bxd4 Nxd4 24. Ra7 Nxe2+ 25. Qxe2 Qd4+ 26. Qf2 Qxb4 27. Rd1
Kg7 28. Qd4+ Qxd4+ 29. Rxd4 Kf6 30. Rb4 g5 31. fxg5+ hxg5 32. Rxb6 g4 33. Kf2
Kf5 34. Kg3 f6 35. Rb5+ e5 36. Rb4 Rfd8 37. Rb3 Rd7 38. Kf2 Kg5 39. g3 f5 40.
Rb5 Rh7 41. Ke3 Re7 42. Rb4 f4+ 43. Ke4 f3 44. Ke3 Kf5 45. Kf2 Rh7 46. Kg1 Rc7
47. Rb2 Rd7 48. Kf2 Rc7 49. Ke3 Rc3+ 50. Kf2 e4 51. Ra5+ Ke6 52. Rab5 e3+ 0-1

[Event "Kort Paaske 2 Gruppe 2 2013"]
[Site "Elsinore"]
[Date "2013.03.28"]
[Round "1"]
[White "Rasmussen, Henning"]
[Black "Vestergaard, Svend"]
[Result "1-0"]
[WhiteElo "1787"]
[BlackElo "1734"]
[PlyCount "29"]
[EventDate "2013.??.??"]
[EventType "swiss"]
[EventRounds "5"]
[EventCountry "DEN"]

1. Nf3 d5 2. c4 Nf6 3. cxd5 Nxd5 4. Nc3 Nxc3 5. bxc3 Nc6 6. d4 e6 7. e4 Bd6 8.
e5 Be7 9. Bd3 Qd5 10. O-O f6 11. exf6 Bxf6 12. Ng5 h5 13. Bg6+ Ke7 14. h4 Bd7
15. Ba3+ 1-0

[Event "Kort Paaske 2 Gruppe 2 2013"]
[Site "Elsinore"]
[Date "2013.03.28"]
[Round "2"]
[White "Andersen, Aage"]
[Black "Rasmussen, Henning"]
[Result "1/2-1/2"]
[WhiteElo "1620"]
[BlackElo "1787"]
[PlyCount "39"]
[EventDate "2013.??.??"]
[EventType "swiss"]
[EventRounds "5"]
[EventCountry "DEN"]

1. d4 Nf6 2. c4 c5 3. d5 b5 4. b3 bxc4 5. bxc4 g6 6. Bb2 Bg7 7. f3 O-O 8. e4 d6
9. Bd3 e5 10. Ne2 Ne8 11. O-O f5 12. exf5 Bxf5 13. Bxf5 gxf5 14. Ng3 Bh6 15.
Qc2 Be3+ 16. Kh1 Ng7 17. Nc3 Nd7 18. Rab1 Rb8 19. Nb5 Qb6 20. Ba1 1/2-1/2

[Event "Kort Paaske 2 Gruppe 2 2013"]
[Site "Elsinore"]
[Date "2013.03.28"]
[Round "2"]
[White "Nielsen, Palle"]
[Black "Persson, Jorgen"]
[Result "1-0"]
[WhiteElo "1760"]
[BlackElo "1250"]
[PlyCount "41"]
[EventDate "2013.??.??"]
[EventType "swiss"]
[EventRounds "5"]
[EventCountry "DEN"]

1. d4 d5 2. c4 e6 3. e3 Nf6 4. Nc3 c5 5. Nf3 Nc6 6. a3 b6 7. cxd5 Nxd5 8. Bb5
Bb7 9. Ne5 Rc8 10. Qf3 Qf6 11. Qe2 Bd6 12. Ne4 Qe7 13. Nxd6+ Qxd6 14. f4 Nf6
15. dxc5 Qxc5 16. Bd2 O-O 17. Bxc6 Bxc6 18. Bb4 Qb5 19. Nxc6 Qxc6 20. Bxf8 Ne4
21. Bb4 1-0

[Event "Kort Paaske 2 Gruppe 2 2013"]
[Site "Elsinore"]
[Date "2013.03.28"]
[Round "2"]
[White "Sorensen, Svend Aage"]
[Black "Jensen, Jakob"]
[Result "0-1"]
[WhiteElo "1388"]
[BlackElo "1643"]
[PlyCount "82"]
[EventDate "2013.??.??"]
[EventType "swiss"]
[EventRounds "5"]
[EventCountry "DEN"]

1. d4 d5 2. c4 e5 3. e3 exd4 4. Qxd4 Nf6 5. Nf3 Nc6 6. Qd1 Bf5 7. Bd3 Bxd3 8.
Qxd3 Nb4 9. Qb3 dxc4 10. Qxc4 Qd3 11. Qxd3 Nxd3+ 12. Ke2 O-O-O 13. Nd4 Nb4 14.
a3 Na6 15. Nc3 g6 16. b4 Bg7 17. Rd1 Rhe8 18. Ncb5 Kb8 19. Bb2 Bh8 20. Kf1 c6
21. Nc3 Nc7 22. Nce2 Ncd5 23. Rab1 Ng4 24. h3 Ne5 25. Nf3 Nxf3 26. gxf3 Bxb2
27. Rxb2 Nxe3+ 28. fxe3 Rxd1+ 29. Kf2 Rd3 30. e4 Red8 31. a4 Rd2 32. Rb3 Ra2
33. a5 Rdd2 34. Re3 Rdb2 35. Ke1 Rxb4 36. e5 Rxa5 37. e6 fxe6 38. Rxe6 a6 39.
f4 Rf5 40. Kf2 Rfxf4+ 41. Nxf4 Rxf4+ 0-1

[Event "Kort Paaske 2 Gruppe 2 2013"]
[Site "Elsinore"]
[Date "2013.03.28"]
[Round "2"]
[White "Renneberg, Morten"]
[Black "Thorsen, Jesper"]
[Result "1-0"]
[WhiteElo "1797"]
[BlackElo "1658"]
[PlyCount "65"]
[EventDate "2013.??.??"]
[EventType "swiss"]
[EventRounds "5"]
[EventCountry "DEN"]

1. e4 e6 2. d4 Nf6 3. e5 Nd5 4. Nf3 h6 5. c4 Bb4+ 6. Bd2 Bxd2+ 7. Qxd2 Nb6 8.
Nc3 d5 9. b3 Nc6 10. c5 Nd7 11. Bd3 b6 12. cxb6 Nxb6 13. Rc1 Bb7 14. O-O O-O
15. Bb1 Ne7 16. Nb5 Ba6 17. Nxc7 Nc4 18. bxc4 Qxc7 19. cxd5 Qb7 20. d6 Bxf1 21.
dxe7 Qxe7 22. Kxf1 Rfc8 23. h3 Qa3 24. Rc2 Rxc2 25. Qxc2 g6 26. Nh4 Qa6+ 27.
Kg1 Rc8 28. Qe4 f5 29. exf6 Rc1+ 30. Kh2 Qf1 31. Qxg6+ Kf8 32. Qg7+ Ke8 33.
Qe7# 1-0

[Event "Kort Paaske 2 Gruppe 2 2013"]
[Site "Elsinore"]
[Date "2013.03.28"]
[Round "2"]
[White "Hansen, Jeppe"]
[Black "Jensen, Simon Stibolt"]
[Result "1/2-1/2"]
[WhiteElo "1617"]
[BlackElo "1673"]
[PlyCount "52"]
[EventDate "2013.??.??"]
[EventType "swiss"]
[EventRounds "5"]
[EventCountry "DEN"]

1. e4 e5 2. Nf3 Nc6 3. Nc3 d6 4. Bc4 Be7 5. h3 Na5 6. Bb3 Nxb3 7. axb3 Be6 8.
d3 Qd7 9. Be3 a6 10. Qd2 Nf6 11. Ng5 h6 12. Nxe6 Qxe6 13. O-O O-O 14. f4 Kh7
15. f5 Qd7 16. Rad1 Qd8 17. Qe2 Nd7 18. Nd5 Bh4 19. Qh5 c6 20. Nc3 Be7 21. d4
Bf6 22. dxe5 Bxe5 23. Kh1 Nf6 24. Qf3 Bxc3 25. bxc3 Qe7 26. Bf4 Rad8 1/2-1/2

[Event "Kort Paaske 2 Gruppe 2 2013"]
[Site "Elsinore"]
[Date "2013.03.28"]
[Round "2"]
[White "Graabaek, Sebastian"]
[Black "Krojgaard, Soren"]
[Result "0-1"]
[WhiteElo "1540"]
[BlackElo "1542"]
[PlyCount "40"]
[EventDate "2013.??.??"]
[EventType "swiss"]
[EventRounds "5"]
[EventCountry "DEN"]

1. d4 d5 2. c4 c6 3. Nc3 Nf6 4. Nf3 e6 5. Bg5 h6 6. Bh4 g5 7. Nxg5 hxg5 8. Bxg5
Be7 9. h4 dxc4 10. e3 Nd5 11. Ne4 b5 12. Qf3 Bb7 13. Qg3 Nd7 14. Bxe7 Qxe7 15.
Nd6+ Kf8 16. Nxb7 Qb4+ 17. Kd1 Qxb2 18. Qd6+ Ke8 19. Rc1 c3 20. Qxc6 Qd2# 0-1

[Event "Kort Paaske 2 Gruppe 2 2013"]
[Site "Elsinore"]
[Date "2013.03.28"]
[Round "2"]
[White "Vestergaard, Svend"]
[Black "Gade, Jens"]
[Result "1/2-1/2"]
[WhiteElo "1734"]
[BlackElo "1578"]
[PlyCount "143"]
[EventDate "2013.??.??"]
[EventType "swiss"]
[EventRounds "5"]
[EventCountry "DEN"]

1. d4 d5 2. Bf4 Nf6 3. Nf3 e6 4. e3 Be7 5. c3 O-O 6. Bd3 c5 7. Nbd2 Nc6 8. O-O
a6 9. Ne5 Nxe5 10. dxe5 Ne8 11. Nf3 Bd7 12. Qc2 g6 13. h3 f5 14. exf6 Bxf6 15.
Rfd1 Qe7 16. Ne5 Bxe5 17. Bxe5 Qg5 18. Bf4 Qf6 19. Qd2 Bc6 20. Bg3 Rd8 21. Qe2
Rd7 22. Rd2 b5 23. Rad1 e5 24. Qg4 Rff7 25. Bh4 Qd6 26. Be4 Nf6 27. Bxf6 Qxf6
28. Bc2 Kg7 29. Qg3 Qe6 30. b4 c4 31. Qh4 e4 32. Qg3 Qd6 33. Qxd6 Rxd6 34. Bxe4
Rfd7 35. Bf3 Kf6 36. e4 Ke5 37. exd5 Bxd5 38. Re1+ Kf6 39. Red1 Ke5 40. Bxd5
Rxd5 41. Rxd5+ Rxd5 42. Rxd5+ Kxd5 43. f3 h5 44. Kf2 Ke5 45. Ke3 h4 46. f4+ Kf5
47. Kf3 g5 48. fxg5 Kxg5 49. Ke4 Kf6 50. Kf4 Ke6 51. g4 hxg3 52. Kxg3 Kf5 53.
h4 Kg6 54. Kg4 Kh6 55. h5 Kh7 56. Kg5 Kg7 57. h6+ Kh7 58. a3 Kh8 59. Kf6 Kh7
60. Ke6 Kxh6 61. Kd6 Kg5 62. Kc6 Kf4 63. Kb6 Ke4 64. Kxa6 Kd3 65. Kxb5 Kxc3 66.
a4 Kb3 67. a5 c3 68. a6 c2 69. a7 c1=Q 70. a8=Q Qc4+ 71. Kb6 Qxb4+ 72. Kc7
1/2-1/2

[Event "Kort Paaske 2 Gruppe 2 2013"]
[Site "Elsinore"]
[Date "2013.03.29"]
[Round "3"]
[White "Rasmussen, Henning"]
[Black "Renneberg, Morten"]
[Result "0-1"]
[WhiteElo "1787"]
[BlackElo "1797"]
[PlyCount "84"]
[EventDate "2013.??.??"]
[EventType "swiss"]
[EventRounds "5"]
[EventCountry "DEN"]

1. Nf3 Nf6 2. c4 e6 3. Nc3 b6 4. g3 Bb7 5. Bg2 c5 6. O-O Be7 7. e3 O-O 8. d4 d5
9. cxd5 Nxd5 10. Nxd5 Bxd5 11. dxc5 Bxc5 12. Bd2 Nd7 13. Bc3 Nf6 14. Nd2 Bxg2
15. Kxg2 Nd5 16. Bd4 Bxd4 17. exd4 Ne7 18. Nf3 Qd5 19. Qb3 Qb7 20. Kg1 Rfd8 21.
Rfd1 Rd5 22. Rd3 Rad8 23. Rad1 Nc6 24. Qc3 Qd7 25. Rc1 Ne7 26. Rcd1 f6 27. Qe1
Nc6 28. R3d2 Kf7 29. a3 g5 30. h3 h5 31. Qe4 Rh8 32. g4 hxg4 33. hxg4 Ne7 34.
Rc1 Kg7 35. Rdc2 Rc8 36. Kg2 Rxc2 37. Qxc2 e5 38. Qe4 exd4 39. Re1 Ng6 40. Kg1
d3 41. Rd1 Nf4 42. Nh2 d2 0-1

[Event "Kort Paaske 2 Gruppe 2 2013"]
[Site "Elsinore"]
[Date "2013.03.29"]
[Round "3"]
[White "Jensen, Jakob"]
[Black "Nielsen, Palle"]
[Result "1-0"]
[WhiteElo "1643"]
[BlackElo "1760"]
[PlyCount "95"]
[EventDate "2013.??.??"]
[EventType "swiss"]
[EventRounds "5"]
[EventCountry "DEN"]

1. Nf3 c5 2. e3 d5 3. d4 e6 4. Nbd2 Nc6 5. c3 Bd7 6. Bd3 f5 7. dxc5 e5 8. Be2
e4 9. Nd4 Bxc5 10. N2b3 Bxd4 11. exd4 Nf6 12. Bg5 O-O 13. O-O Qc7 14. Qd2 Rae8
15. Rac1 Kh8 16. c4 Qd6 17. Bf4 Qb4 18. Qxb4 Nxb4 19. Bd6 Nc6 20. Bxf8 Rxf8 21.
cxd5 Nxd5 22. Bc4 Nf4 23. a3 a6 24. g3 Nh3+ 25. Kh1 Ne7 26. Be2 f4 27. Nc5 Bc6
28. Ne6 Rf6 29. Nxf4 Nxf4 30. gxf4 Rxf4 31. Rc3 e3+ 32. Rxc6 Nxc6 33. fxe3 Rf6
34. Rxf6 gxf6 35. Kg2 Kg7 36. Kf3 f5 37. Kf4 Kf6 38. Bf3 h6 39. d5 Nd8 40. Bg2
Nf7 41. h4 Nd6 42. Bf1 a5 43. Be2 Ne4 44. Bd3 Nd6 45. h5 b6 46. a4 Nb7 47. Bxf5
Nc5 48. Bc2 1-0

[Event "Kort Paaske 2 Gruppe 2 2013"]
[Site "Elsinore"]
[Date "2013.03.29"]
[Round "3"]
[White "Jensen, Simon Stibolt"]
[Black "Andersen, Aage"]
[Result "0-1"]
[WhiteElo "1673"]
[BlackElo "1620"]
[PlyCount "78"]
[EventDate "2013.??.??"]
[EventType "swiss"]
[EventRounds "5"]
[EventCountry "DEN"]

1. e4 e5 2. Nf3 Nc6 3. Bb5 d6 4. d4 exd4 5. Nxd4 Bd7 6. Nxc6 bxc6 7. Bc4 Nf6 8.
O-O Be7 9. Nc3 O-O 10. h3 Be6 11. Ba6 Rb8 12. Bd3 Nd7 13. f4 f5 14. exf5 Bxf5
15. Bxf5 Rxf5 16. Qd3 Rf7 17. Qa6 d5 18. Qxc6 Nf6 19. Qe6 Rb6 20. Qe1 Qd7 21.
b3 d4 22. Na4 Re6 23. Qd1 Ne4 24. Bb2 Ng3 25. Rf2 c5 26. Ba3 Qc6 27. Bc1 Qe4
28. Kh2 Nf5 29. Qf3 Qxf3 30. Rxf3 Re2 31. c4 Nh4 32. Rg3 Nf5 33. Bb2 Nxg3 34.
Kxg3 Bd6 35. Rf1 Rf6 36. Kg4 Rg6+ 37. Kf5 Rgxg2 38. Bc1 g6+ 39. Kf6 Be7# 0-1

[Event "Kort Paaske 2 Gruppe 2 2013"]
[Site "Elsinore"]
[Date "2013.03.29"]
[Round "3"]
[White "Gade, Jens"]
[Black "Hansen, Jeppe"]
[Result "1-0"]
[WhiteElo "1578"]
[BlackElo "1617"]
[PlyCount "60"]
[EventDate "2013.??.??"]
[EventType "swiss"]
[EventRounds "5"]
[EventCountry "DEN"]

1. f4 Nc6 2. Nf3 d6 3. e3 Bg4 4. Be2 Nf6 5. O-O h5 6. b3 e5 7. fxe5 dxe5 8. d3
Bc5 9. Kh1 Qd7 10. Nc3 O-O-O 11. Na4 Bd6 12. e4 Nh7 13. Be3 Rdf8 14. d4 exd4
15. Nxd4 Bxe2 16. Qxe2 Be5 17. Nxc6 Qxc6 18. Rae1 Nf6 19. Bxa7 b6 20. Qa6+ Qb7
21. Nxb6+ cxb6 22. Qxb6 Qxb6 23. Bxb6 Kb7 24. Bc5 Rc8 25. b4 Ra8 26. Ra1 Bxa1
27. Rxa1 Nxe4 28. Bd4 f6 29. Kg1 Rhd8 30. Be3 Nc3 1-0

[Event "Kort Paaske 2 Gruppe 2 2013"]
[Site "Elsinore"]
[Date "2013.03.29"]
[Round "3"]
[White "Krojgaard, Soren"]
[Black "Vestergaard, Svend"]
[Result "1/2-1/2"]
[WhiteElo "1542"]
[BlackElo "1734"]
[PlyCount "48"]
[EventDate "2013.??.??"]
[EventType "swiss"]
[EventRounds "5"]
[EventCountry "DEN"]

1. e4 e5 2. Nc3 Nf6 3. Bc4 Nc6 4. d3 Bc5 5. f4 Bxg1 6. Rxg1 d6 7. f5 h6 8. Be3
Bd7 9. g4 Nd4 10. Qd2 c6 11. Bxd4 exd4 12. Ne2 c5 13. g5 Nh5 14. O-O-O hxg5 15.
Rxg5 f6 16. Rg6 Qe7 17. Rdg1 O-O-O 18. Ng3 Nxg3 19. R1xg3 Rh7 20. Qg2 Qe5 21.
b3 Rdh8 22. h3 Bxf5 23. exf5 Qe1+ 24. Kb2 Qc3+ 1/2-1/2

[Event "Kort Paaske 2 Gruppe 2 2013"]
[Site "Elsinore"]
[Date "2013.03.29"]
[Round "3"]
[White "Svensson, Stig"]
[Black "Sorensen, Svend Aage"]
[Result "1-0"]
[WhiteElo "1591"]
[BlackElo "1388"]
[PlyCount "91"]
[EventDate "2013.??.??"]
[EventType "swiss"]
[EventRounds "5"]
[EventCountry "DEN"]

1. e4 c5 2. Nf3 a6 3. d4 cxd4 4. Nxd4 e5 5. Nb3 d6 6. Nc3 Be7 7. Be3 Nf6 8. Be2
O-O 9. O-O h6 10. f4 exf4 11. Bxf4 Nc6 12. Bf3 Ne5 13. Bxe5 dxe5 14. Qe2 Qb6+
15. Kh1 Be6 16. Nd5 Bxd5 17. exd5 Qd6 18. Rfd1 Qc7 19. c4 b6 20. d6 Bxd6 21.
Bxa8 Rxa8 22. Rac1 Nd7 23. Nd2 Nc5 24. Ne4 Be7 25. Nxc5 Bxc5 26. Rd5 Re8 27.
Rcd1 f6 28. Rd7 Qc8 29. Qg4 g5 30. Qf5 Be7 31. Qg6+ Kf8 32. Qxh6+ Kf7 33. Qh7+
Ke6 34. Qh3+ Kf7 35. Qd3 Kg7 36. b3 f5 37. Qg3 Kg6 38. Qd3 e4 39. Qd5 Bc5 40.
Qb7 a5 41. Rg7+ Kf6 42. Rdd7 e3 43. Rdf7+ Ke5 44. Qf3 g4 45. Qg3+ f4 46. Qxf4+
1-0

[Event "Kort Paaske 2 Gruppe 2 2013"]
[Site "Elsinore"]
[Date "2013.03.30"]
[Round "3"]
[White "Persson, Jorgen"]
[Black "Thorsen, Jesper"]
[Result "1/2-1/2"]
[WhiteElo "1250"]
[BlackElo "1658"]
[PlyCount "73"]
[EventDate "2013.??.??"]
[EventType "swiss"]
[EventRounds "5"]
[EventCountry "DEN"]

1. d4 e6 2. c4 d5 3. Nf3 Nf6 4. Bg5 Bb4+ 5. Nc3 h6 6. Bh4 Nc6 7. a3 Bxc3+ 8.
bxc3 O-O 9. e3 Re8 10. Bd3 e5 11. dxe5 Nxe5 12. cxd5 Qxd5 13. Bxf6 Nxd3+ 14.
Kf1 gxf6 15. h3 Be6 16. Ke2 Rad8 17. Nd4 Qh5+ 18. g4 Bxg4+ 19. hxg4 Qxg4+ 20.
Kxd3 Qxd1+ 21. Raxd1 c5 22. Rxh6 cxd4 23. Rg1+ Kf8 24. Rh8+ Ke7 25. Rxe8+ Kxe8
26. cxd4 Ke7 27. Rc1 Kd6 28. e4 Rh8 29. a4 Rh3+ 30. Kc4 Rf3 31. Rc2 a6 32. Rb2
Kc7 33. a5 Rf4 34. Kd5 Rf3 35. Rc2+ Kd7 36. Rb2 Kc7 37. Rc2+ 1/2-1/2

[Event "Kort Paaske 2 Gruppe 2 2013"]
[Site "Elsinore"]
[Date "2013.03.30"]
[Round "4"]
[White "Svensson, Stig"]
[Black "Rasmussen, Henning"]
[Result "0-1"]
[WhiteElo "1591"]
[BlackElo "1787"]
[PlyCount "94"]
[EventDate "2013.??.??"]
[EventType "swiss"]
[EventRounds "5"]
[EventCountry "DEN"]

1. e4 e6 2. d4 d5 3. e5 c5 4. c3 Nc6 5. Nf3 Qb6 6. Qb3 Qxb3 7. axb3 cxd4 8.
cxd4 Bb4+ 9. Bd2 Bxd2+ 10. Nbxd2 Nge7 11. Bb5 Bd7 12. O-O O-O 13. Bxc6 Bxc6 14.
Rfc1 a6 15. b4 Rfc8 16. Nb3 b6 17. h3 Kf8 18. Ng5 h6 19. Nf3 Bb5 20. Nbd2 Rxc1+
21. Rxc1 Rc8 22. Rxc8+ Nxc8 23. g4 Na7 24. g5 hxg5 25. Nxg5 Nc6 26. Ngf3 Nxb4
27. Ne1 Nd3 28. Nxd3 Bxd3 29. Nb3 a5 30. f4 a4 31. Na1 b5 32. Kf2 b4 33. Ke3
Bf5 34. h4 g6 35. Kf3 Kg7 36. Kg3 Kh6 37. Kf2 Kh5 38. Kg3 b3 39. Kf3 Kxh4 40.
Kf2 Kg4 41. Ke3 Kg3 42. Kd2 Kxf4 43. Kc3 Ke3 44. Nxb3 axb3 45. Kxb3 Kxd4 46.
Ka3 g5 47. b4 Bd3 0-1

[Event "Kort Paaske 2 Gruppe 2 2013"]
[Site "Elsinore"]
[Date "2013.03.30"]
[Round "4"]
[White "Nielsen, Palle"]
[Black "Andersen, Aage"]
[Result "1-0"]
[WhiteElo "1760"]
[BlackElo "1620"]
[PlyCount "55"]
[EventDate "2013.??.??"]
[EventType "swiss"]
[EventRounds "5"]
[EventCountry "DEN"]

1. e4 e5 2. Bc4 Bc5 3. c3 d6 4. b4 Bb6 5. d3 Nf6 6. Bg5 O-O 7. h3 h6 8. Bh4 Be6
9. Nd2 c6 10. Bxe6 fxe6 11. Ngf3 Nbd7 12. Qb3 Qe8 13. g4 g5 14. Bg3 Bc7 15.
O-O-O c5 16. h4 Nh7 17. hxg5 Nxg5 18. Nxg5 hxg5 19. Rh5 Nf6 20. Rxg5+ Kf7 21.
bxc5 b6 22. cxd6 Bxd6 23. Nc4 Bb8 24. Bxe5 Rg8 25. Bxb8 Qxb8 26. Ne5+ Kf8 27.
Rxg8+ Nxg8 28. Nd7+ 1-0

[Event "Kort Paaske 2 Gruppe 2 2013"]
[Site "Elsinore"]
[Date "2013.03.30"]
[Round "4"]
[White "Renneberg, Morten"]
[Black "Jensen, Jakob"]
[Result "1-0"]
[WhiteElo "1797"]
[BlackElo "1643"]
[PlyCount "87"]
[EventDate "2013.??.??"]
[EventType "swiss"]
[EventRounds "5"]
[EventCountry "DEN"]

1. e4 e6 2. d4 d5 3. e5 c5 4. c3 cxd4 5. cxd4 Nc6 6. Nf3 Qb6 7. Nc3 Nge7 8. Bd3
a6 9. Na4 Qa7 10. Be3 Nf5 11. Bxf5 exf5 12. O-O Be6 13. Rc1 Be7 14. Nc5 O-O 15.
Bg5 h6 16. Bxe7 Nxe7 17. h4 Rac8 18. Qd2 Rc6 19. Nd3 Rfc8 20. Rxc6 Rxc6 21. Rc1
Rxc1+ 22. Qxc1 Qb6 23. Qc5 Qd8 24. Nf4 Nc8 25. h5 b6 26. Qc6 Ne7 27. Qc3 Bd7
28. Qa3 a5 29. Qd6 Nc8 30. Qxd5 Qc7 31. Kh2 b5 32. Nd3 Nb6 33. Qc5 Qb8 34. d5
Nc8 35. Nd4 f6 36. f4 fxe5 37. fxe5 f4 38. d6 Qa7 39. Qxa7 Nxa7 40. e6 Bxe6 41.
Nxe6 Kf7 42. d7 Nc6 43. d8=Q Nxd8 44. Nxd8+ 1-0

[Event "Kort Paaske 2 Gruppe 2 2013"]
[Site "Elsinore"]
[Date "2013.03.30"]
[Round "4"]
[White "Hansen, Jeppe"]
[Black "Persson, Jorgen"]
[Result "1-0"]
[WhiteElo "1617"]
[BlackElo "1250"]
[PlyCount "91"]
[EventDate "2013.??.??"]
[EventType "swiss"]
[EventRounds "5"]
[EventCountry "DEN"]

1. d4 e6 2. c4 d5 3. Nc3 Nf6 4. e3 c6 5. Nf3 Bb4 6. Bd2 Qa5 7. a3 Be7 8. Nxd5
Qd8 9. Nxe7 Qxe7 10. Bd3 a5 11. O-O b6 12. Qc2 O-O 13. e4 Nfd7 14. e5 g6 15.
Bg5 f6 16. exf6 Rxf6 17. Bxf6 Qxf6 18. b4 Bb7 19. Be4 Kg7 20. Rfd1 Nf8 21. Rac1
Nbd7 22. b5 Rc8 23. bxc6 Bxc6 24. Bxc6 Rxc6 25. Qe4 Rc7 26. a4 Qe7 27. Ne5 Nf6
28. Qb1 N8d7 29. Nxd7 Nxd7 30. d5 exd5 31. cxd5 Rc5 32. d6 Qe6 33. Rxc5 Nxc5
34. Qxb6 Nxa4 35. Qxa5 Qd7 36. Qe5+ Kg8 37. Re1 Kf7 38. Qe7+ Qxe7 39. Rxe7+ Kf8
40. Rxh7 Nc5 41. d7 Ne6 42. f4 Nd8 43. Kf2 Kg8 44. Re7 Nc6 45. d8=Q+ Nxd8 46.
Re8+ 1-0

[Event "Kort Paaske 2 Gruppe 2 2013"]
[Site "Elsinore"]
[Date "2013.03.30"]
[Round "4"]
[White "Thorsen, Jesper"]
[Black "Krojgaard, Soren"]
[Result "0-1"]
[WhiteElo "1658"]
[BlackElo "1542"]
[PlyCount "66"]
[EventDate "2013.??.??"]
[EventType "swiss"]
[EventRounds "5"]
[EventCountry "DEN"]

1. d4 d5 2. c4 c6 3. Nc3 Nf6 4. Nf3 e6 5. e3 dxc4 6. Bxc4 b5 7. Bd3 Bb7 8. Qc2
Nbd7 9. O-O a6 10. b3 c5 11. Qe2 cxd4 12. exd4 Be7 13. Bb2 O-O 14. Rad1 Nb6 15.
Bb1 Nbd5 16. Ne4 h6 17. Nxf6+ Bxf6 18. Qd3 g6 19. Rfe1 Nf4 20. Qe3 Nxg2 21.
Kxg2 Bg5 22. Qe2 Bf4 23. Be4 Bxe4 24. Qxe4 g5 25. Kh1 Qf6 26. Rg1 Rac8 27. Rd2
Bxd2 28. h4 Bf4 29. Rg4 Qf5 30. Qxf4 Qxf4 31. Ne5 Qxf2 32. hxg5 Qf1+ 33. Rg1
Qh3# 0-1